000 00389nam a22001337a 4500
008 230623b xxu||||| |||| 00| 0 eng d
082 _a330.96005
_bJAE 2004
110 _bCentre for the Study of African Economies
245 _aAfrican Economic Research Consortium
260 _b Oxford University Press
_c2004
300 _a95p
440 _n2
_pSupplement
_v13
_x09638024
942 _2ddc
_cBK
999 _c2456
_d2456